000 00943cam a2200289 a 4500
001 15035
003 BD-RjUL
005 20211208235734.0
008 140209s1983 iluaf b 001 0 eng
020 _a025602958X (pbk.)
035 _a(BD-RjUL)15089
040 _aDLC
_cDLC
_dDLC
_dBD-RjUL
_beng
041 _aeng
082 0 0 _a651.84
_219
_bOBC
100 1 _aO'Brien, James A.,
_d1936-
_946811
245 1 0 _aComputers and information processing in business /
_cJames A. O'Brien.
260 _aHomewood, Ill. :
_bR.D. Irwin,
_c1983.
300 _axx, 533 p. :
_bill . ;
_c24 cm.
500 _a.
504 _aIncludes Bibliography: p. 505-507 and index.
650 0 _aComputers.
_946812
650 0 _aBusiness
_xData processing.
_946813
830 _aThe Irwin series in information and decision sciences
_9233291
942 _2ddc
_cBK
999 _c15035
_d15035